Statistiques concernant Les Pokémon des champions d'arène et du Conseil 4 de Kanto

Cliquez ici pour prendre le quiz!

Statistiques générales

  • Ce quiz a été pris 139 fois
  • Le résultat moyen est 45 sur 52

Statistiques - réponses

HintRéponse% Correct
Onix
100%
AldoOnix (X2)
100%
PierreRacaillou
100%
Raichu
99%
OndineStari
97%
Staross
97%
Draco (X2)
96%
AgathaEctoplasma (X2)
96%
Dracaufeu
95%
Dracolosse
95%
Galopa
95%
Pikachu
95%
Arcanin
94%
Arcanin
94%
Florizarre
94%
Tortank
94%
Mackogneur
93%
Rafflesia
93%
Major BobVoltorbe
93%
Alakazam
92%
Alakazam
92%
OlgaLamantine
92%
ErikaEmpiflor
91%
Kicklee
91%
Lokhlass
91%
Spectrum
91%
Tygnon
91%
Ptera
90%
Rhinoferos
90%
Rhinoferos
90%
Leviator
89%
PeterLeviator
89%
Nidoqueen
85%
MorganneKadabra
84%
Nidoking
84%
KogaSmogo (X2)
83%
AugusteCaninos
82%
Ponyta
82%
BlueRoucarnage
81%
Smogogo
81%
Lippoutou
79%
Grotadmorv
78%
Crustabri
76%
Noadkoko
76%
Triopikeur
76%
Aéromite
75%
GiovanniRhinocorne
73%
Arbok
70%
Flagadoss
70%
Saquedeneu
67%
Nosferalto
66%
M. Mime
64%

Distribution des résultats

Percentile par nombre de réponses

% des personnes avec chaque résultat

Votre développement - résultats

Vous n’avez pas pris ce quiz